Culture and truth : the remaking of social analysis
Αποθηκεύτηκε σε:
| Κύριος συγγραφέας: | |
|---|---|
| Μορφή: | Βιβλίο |
| Γλώσσα: | English |
| Δημοσίευση: |
London :
Routledge,
c1993
|
| Θέματα: | |
| Ετικέτες: |
Προσθήκη ετικέτας
Δεν υπάρχουν, Καταχωρήστε ετικέτα πρώτοι!
|
MARC
| LEADER | 00000nam a2200000 i 4500 | ||
|---|---|---|---|
| 001 | 1/95675 | ||
| 008 | 980821s1993 eng d | ||
| 020 | |a 0-415-08512-8 | ||
| 035 | |l 10009831 | ||
| 040 | |a GR-MY-UA |b gre |e aacr | ||
| 041 | 0 | |a eng | |
| 082 | 0 | |a 306.01 | |
| 100 | 1 | |a Rosaldo, Renato. | |
| 245 | 1 | 0 | |a Culture and truth : |b the remaking of social analysis / |c Renato Rosaldo |
| 260 | |a London : |b Routledge, |c c1993 | ||
| 300 | |a 253 p. | ||
| 504 | |a Includes bibliographical references and index | ||
| 650 | 0 | 0 | |a Ethnology |x Philosophy. |
| 650 | 0 | 0 | |a Subjectivity. |
| 650 | 0 | 0 | |a Discourse analysis, Narrative. |
| 650 | 0 | 0 | |a Ethnology |x Methodology. |
| 852 | |a INST |b LESVOS |e 19980821 |h 306.01 ROS |p 005100010769 |q 005100010769 |t BK |y 0 | ||
| 909 | |a Λ |b 037814 | ||
| 922 | |a 1ΕΛΗ |b 199411 |c 45/ΜΠΑΚΑΛΑΚΗ | ||
| 950 | |a 045-1994-09-01 | ||